Freedom to roam (Record no. 77669)
[ view plain ]
| 000 -LEADER | |
|---|---|
| fixed length control field | 01051cab a2200193 4500 |
| 001 - CONTROL NUMBER | |
| control field | ##L134831 |
| 008 - FIXED-LENGTH DATA ELEMENTS--GENERAL INFORMATION | |
| fixed length control field | 060905n2006 000 0 eng u |
| 035 ## - SYSTEM CONTROL NUMBER | |
| System control number | (Sirsi) u134831 |
| 041 0# - LANGUAGE CODE | |
| Language code of text/sound track or separate title | eng |
| 245 00 - TITLE STATEMENT | |
| Title | Freedom to roam |
| 260 ## - PUBLICATION, DISTRIBUTION, ETC. | |
| Date of publication, distribution, etc. | 2006 |
| 490 #0 - SERIES STATEMENT | |
| Series statement | Building |
| Volume/sequential designation | 271(8445) 1 September 2006, 60(1) |
| 520 ## - SUMMARY, ETC. | |
| Summary, etc. | Examines the issues that can arise for international organisations who fail to secure adequate professional indemnity insurance. A recent case "Brit Syndicates Ltd and Others v Italaudit SPA and Another" ([2006] EWHC 341 (Comm), unreported) emphasised the need to ensure that all of a firm's overseas operations are insured under the same policy. Explains why worldwide cover is more expensive than UK or EU cover and highlights the difference between jurisdictional and territorial cover. |
| 590 ## - LOCAL NOTE (RLIN) | |
| Local note | IKA190906 |
| 650 24 - SUBJECT ADDED ENTRY--TOPICAL TERM | |
| Topical term or geographic name entry element | BRIT SYNDICATES LTD AND OTHERS V ITALAUDIT SPA AND ANOTHER |
| 651 #4 - SUBJECT ADDED ENTRY--GEOGRAPHIC NAME | |
| Geographic name | England and Wales |
| Chronological subdivision | 1543- |
| 690 ## - LOCAL SUBJECT ADDED ENTRY--TOPICAL TERM (OCLC, RLIN) | |
| Topical term or geographic name as entry element | MANAGEMENT-BUSINESS MANAGEMENT-INSURANCE-PROFESSIONAL INDEMNITY INSURANCE |
| 942 ## - ADDED ENTRY ELEMENTS (KOHA) | |
| Suppress in OPAC | 0 |
| Withdrawn status | Lost status | Source of classification or shelving scheme | Damaged status | Not for loan | Home library | Current library | Shelving location | Date acquired | Total Checkouts | Full call number | Barcode | Date last seen | Copy number | Price effective from | Koha item type |
|---|---|---|---|---|---|---|---|---|---|---|---|---|---|---|---|
| Dewey Decimal Classification | London | London | Journal article | 05/09/2006 | L134831 | 134831-1001 | 06/08/2019 | 1 | 06/08/2019 | Journal article |